ბათუმის შოთა რუსთაველის სახელმწიფო უნივერსიტეტის ბიბლიოთეკა

თხზულებათა სრული კრებული : 20 ტომად. ტ. 5 : კრიტიკა (ბიბ.ჩანაწერი № 48789)

000 -LEADER
fixed length control field 01226nam a2200229Ia 4500
001 - CONTROL NUMBER
control field 15691
003 - CONTROL NUMBER IDENTIFIER
control field GE_BSU
008 - FIXED-LENGTH DATA ELEMENTS--GENERAL INFORMATION
fixed length control field 181216s||||||||xx |||||||||||||| ||und||
040 ## - CATALOGING SOURCE
Transcribing agency GE_BSU
080 ## - UNIVERSAL DECIMAL CLASSIFICATION NUMBER
Universal Decimal Classification number 821.353.1.09
100 ## - MAIN ENTRY--PERSONAL NAME
Personal name ჭავჭავაძე, ი. (ილია, 1837-1907)
245 ## - TITLE STATEMENT
Title თხზულებათა სრული კრებული : 20 ტომად. ტ. 5 : კრიტიკა
245 ## - TITLE STATEMENT
Statement of responsibility, etc. რედ.: გიორგი ციციშვილი.ტომის რედ.: გიორგი აბაშიძე.ტექსტი გამოსაც. მოამზადეს,ვარიანტები, შენიშვნ. და საძიებლ.დაურთეს ე.შარაშენიძემ,ლ.მეგრელიშვილმა. ც. ყიფშიძემ და სხვ.
260 ## - PUBLICATION, DISTRIBUTION, ETC.
Place of publication, distribution, etc. თბილისი
260 ## - PUBLICATION, DISTRIBUTION, ETC.
Name of publisher, distributor, etc. საბჭ. საქართველო
260 ## - PUBLICATION, DISTRIBUTION, ETC.
Date of publication, distribution, etc. 1987
300 ## - PHYSICAL DESCRIPTION
Extent 732 გვ.20 სმ
300 ## - PHYSICAL DESCRIPTION
Accompanying material საძიებლები: გვ. 705-729.
653 ## - INDEX TERM--UNCONTROLLED
Uncontrolled term თხზულებათა სრული კრებული
653 ## - INDEX TERM--UNCONTROLLED
Uncontrolled term კრიტიკა
942 ## - ADDED ENTRY ELEMENTS (KOHA)
Koha item type წიგნი
ეგზემპლარები
Withdrawn status Lost status Damaged status Not for loan Date acquired Barcode Date last seen Price effective from Koha item type
        2018-12-17 39064 2018-12-17 2018-12-17 წიგნი